SIGPLAN Notices

Uložené v:
Podrobná bibliografia
Médium: Seriál
Vydavateľské údaje: 1997
Tagy: Pridať tag
Žiadne tagy, Buďte prvý, kto otaguje tento záznam!

MARC

LEADER 00000nas a22000003a 4500
001 stu70054
005 20141121234003.6
008 011106s1997----------------------------d
040 |a STU  |b slo 
041 0
245 |a SIGPLAN Notices 
260 |c 1997 
500 |a 1997 
500 |a 12 
500 |a 1-4 /CH: 5-12 
773 0 |t SIGPLAN Notices :  |w stu_us_cat*stu60260  |x 0362-1340  |7 nnas 
996 |d Vol. 32, 1997  |v Vol. 32  |y 1997  |l EE0103  |s A  |a 24  |w stu70054_0001